Länder in der Nähe von Kuwait - Ein-Minuten-Sprint - Statistiken

Allgemein
  • Dieses Quiz wurde 151 mal gespielt
  • Das Durchschnittsergebnis liegt bei 16 aus 20
Antwortstatistiken
km Land % Korrekt
0 Saudi-Arabien
99%
0 Irak
98%
20 Iran
98%
807 Oman
94%
776 Jordanien
93%
379 Katar
93%
322 Bahrain
92%
1093 Israel
92%
761 Syrien
91%
1106 Jemen
90%
815 Türkei
84%
560 Vereinigte Arabische Emirate
84%
1099 Libanon
80%
1132 Ägypten
73%
1207 Pakistan
67%
1207 Afghanistan
65%
983 Armenien
57%
928 Aserbaidschan
56%
975 Turkmenistan
30%
1096 Palästina
16%
Keine übereinstimmenden Quizze gefunden
Verteilung der Resultate
Anzahl Personen mit jedem Resultat
Perzentil nach korrekt beantworteten Fragen
Ihre Resultats-Entwicklung
Sie haben dieses Quiz noch nicht gespielt